Statistics for All of Seventeen (세븐틴)

Click here to take the quiz!

General Stats

  • This quiz has been taken 212 times
  • The average score is 16 of 25

Answer Stats

% Correct
Adore U
91%
Pretty U
86%
Mansae
85%
Very Nice
83%
Shining Diamond
80%
20
71%
Love Letter
71%
Jam Jam
69%
Fronting
65%
Rock
64%
Ah Yeah
62%
OMG
61%
Simple
61%
Chuck
60%
Healing
60%
Popular Song
60%
Still Lonely
60%
Say Yes
59%
When I Grow Up
58%
No F.U.N
57%
Drift Away
56%
Can't See The End
52%
Adore U (Vocal Version)
34%
Shining Diamond (Performance Version)
30%
Mansae (Hip Hop Version)
24%

Score Distribution

Percentile by Number Answered

Percent of People with Each Score

Your Score History

You have not taken this quiz